Central Library OPAC University of Rajshahi

Prolog programming for artificial intelligence / (Record no. 54896)

MARC details
000 -LEADER
fixed length control field 00842nam a2200265 a 4500
001 - CONTROL NUMBER
control field 54896
003 - CONTROL NUMBER IDENTIFIER
rucl marc code BD-RjUL
005 - DATE AND TIME OF LATEST TRANSACTION
control field 20211209080201.0
008 - FIXED-LENGTH DATA ELEMENTS--GENERAL INFORMATION
fixed length control field 161112s1990 nyua b 001 0 eng
020 ## - INTERNATIONAL STANDARD BOOK NUMBER
International Standard Book Number 0201416069
035 ## - SYSTEM CONTROL NUMBER
System control number (BD-RjUL)55018
040 ## - CATALOGING SOURCE
Original cataloging agency DLC
Transcribing agency DLC
Modifying agency BD-RjUL
Language of cataloging eng
041 ## - LANGUAGE CODE
Language code of text/sound track or separate title eng
082 00 - DEWEY DECIMAL CLASSIFICATION NUMBER
Classification number 006.3
Edition number 23
Author mark and year BRP 1994
100 1# - MAIN ENTRY--PERSONAL NAME
Personal name Bratko, Ivan,
Dates associated with a name 1946--
9 (RLIN) 163638
245 10 - TITLE STATEMENT
Title Prolog programming for artificial intelligence /
Statement of responsibility, etc. Ivan Bratko.
250 ## - EDITION STATEMENT
Edition statement 2nd ed.
260 ## - PUBLICATION, DISTRIBUTION, ETC. (IMPRINT)
Place of publication, distribution, etc. New York :
Name of publisher, distributor, etc. Addison-Wesley Pub. Co.,
Date of publication, distribution, etc. c1990 [Reprinted 1994]
300 ## - PHYSICAL DESCRIPTION
Pagination xxi, 597 p. :
Illustrations ill. ;
Size 24 cm.
500 ## - GENERAL NOTE
General note Includes Index
650 #0 - SUBJECT ADDED ENTRY--TOPICAL TERM
Topical term or geographic name as entry element Artificial intelligence
General subdivision Data processing.
9 (RLIN) 163640
Topical term or geographic name as entry element Prolog (Computer program language)
9 (RLIN) 163641
942 ## - ADDED ENTRY ELEMENTS (KOHA)
Source of classification or shelving scheme Dewey Decimal Classification
Koha item type Books
Holdings
Lost status Source of classification or shelving scheme Damaged status Not for loan Collection code Permanent Location Current Location Shelving location Date acquired Source of acquisition Cost, normal purchase price Total Checkouts Full call number Date last seen Copy number Koha item type
  Dewey Decimal Classification     Non-fiction Central Library, University of Rajshahi Central Library, University of Rajshahi   07/10/1996 Chittagong Syntex 35.45   006.3 BRP 1990 12/11/2016 C-2 Books
  Dewey Decimal Classification   Not For Loan Non-fiction Central Library, University of Rajshahi Central Library, University of Rajshahi Reading Room 07/10/1996 Sweets & Zeitlinger 35.95   006.3 BRP 1994 13/03/2017 C-1 Books